| 000 | 00486nmm a2200169Ia 4500 | ||
|---|---|---|---|
| 008 | 251105s9999||||xx |||||||||||||||||und|| | ||
| 020 | _a9788498653595 | ||
| 041 | _aglg | ||
| 100 | _aOtero Pedrayo, Ramón | ||
| 245 | 0 | _aO señorito da Reboraina | |
| 264 |
_a[Madrid, España] : _bEditorial Galaxia, _c2011 |
||
| 300 | _a232 páginas | ||
| 490 | _aBiblioteca Otero Pedrayo | ||
| 650 | _aSpanish narrative | ||
| 856 | _uhttps://public.digitaliapublishing.com/a/84995 | ||
| 942 | _cCF | ||
| 999 |
_c91982 _d91982 |
||